000 00621nam a2200205 i 4500
001 92282
003 ES-MaACL
005 20250804062540.0
007 t|
008 050224s1972 sp ||||1| spa d
100 1 _aLichtheim, George.
_972194
245 1 3 _aEl imperialismo /
_cGeorge Lichthein; traductor Fernando Satos Fontela.
260 _aMadrid :
_bAlianza,
_c[1972]
300 _a199 p. ;
_c18 cm.
490 1 _aEl libro de bolsillo ;
_v417
700 1 _aSantos Fontenla, Fernando.
_9103502
830 0 3 _aEl libro de bolsillo
_v417
_9177802
852 _aES-MaACL
_jC-54421
_bR.83719
999 _c92282
_d92282